| 000 | 00734nam a2200229Ia 4500 | ||
|---|---|---|---|
| 001 | 9819 | ||
| 003 | GE_BSU | ||
| 008 | 181216s||||||||xx |||||||||||||| ||und|| | ||
| 040 | _cGE_BSU | ||
| 080 | _a821.353.1–1 | ||
| 100 | _aნონეშვილი,იოსებ | ||
| 245 | _aერთტომეული | ||
| 245 | _bლექსები | ||
| 245 | _cრედ.ვ.ჯავახაძე.მხატვ.გ.გორდელაძე | ||
| 260 | _aთბილისი | ||
| 260 | _bსაბჭოთა საქართველო | ||
| 260 | _c1968 | ||
| 300 | _a487გვ.1ფ.პორტრ.22სმ. | ||
| 653 | _aერთტომეული | ||
| 653 | _aლექსები | ||
| 942 | _cBK | ||
| 999 |
_c43098 _d43098 |
||